[Event "Outaouais-ch Reserve"]
[Site "Gatineau CAN"]
[Date "2023.05.03"]
[Round "6"]
[White "Brault, Jean-Francois"]
[Black "Medeiros, Joshua"]
[Result "0-1"]
[WhiteElo "1558"]
[BlackElo "1399"]
[PlyCount "68"]
[EventDate "2023.03.28"]
[EventType "swiss"]
[EventRounds "7"]
[EventCountry "CAN"]

1. Nf3 f5 2. c4 e6 3. e3 Nf6 4. Nc3 Be7 5. Qc2 d6 6. Be2 Nc6 7. a3 a5 8. b3 e5
9. d3 O-O 10. Bb2 b6 11. Nd2 Bb7 12. Bf3 Rb8 13. Ne2 Qe8 14. O-O-O Na7 15. Ng3
Nd7 16. Bd5+ Bxd5 17. cxd5 c6 18. dxc6 Nxc6 19. Qc4+ Kh8 20. d4 Nxd4 21. Kb1
Rc8 22. Qf1 Ne6 23. Rc1 Qg6 24. f4 e4 25. Qb5 Ndc5 26. b4 axb4 27. axb4 Nd3 28.
Rxc8 Rxc8 29. Qxf5 Qe8 30. Qxe4 Nxb2 31. Qxe6 Qc6 32. Qe4 Qc3 33. Qd4 Qc2+ 34.
Ka1 Ra8# 0-1

[Event "Outaouais-ch Reserve"]
[Site "Gatineau CAN"]
[Date "2023.05.02"]
[Round "6"]
[White "Chacon, Jose"]
[Black "Elsayed, Ahmed"]
[Result "1-0"]
[WhiteElo "1585"]
[BlackElo "2029"]
[PlyCount "35"]
[EventDate "2023.03.28"]
[EventType "swiss"]
[EventRounds "7"]
[EventCountry "CAN"]
[TimeControl "90+30"]

1. e4 e5 2. Bc4 Nc6 3. Nf3 h6 4. O-O a6 5. d4 exd4 6. c3 d3 7. Re1 Bc5 8. b4
Ba7 9. Qb3 Qe7 10. e5 Nd8 11. Bxd3 b6 12. Nd4 Bb7 13. Nf5 Qf8 14. g4 a5 15. Ba3
a4 16. Qc4 c5 17. bxc5 b5 18. Qxb5 1-0

[Event "Outaouais-ch Reserve"]
[Site "Gatineau CAN"]
[Date "2023.05.02"]
[Round "6"]
[White "Deschenes, Stephane"]
[Black "Gagne, Learry"]
[Result "0-1"]
[WhiteElo "1118"]
[BlackElo "1182"]
[PlyCount "88"]
[EventDate "2023.03.28"]
[EventType "swiss"]
[EventRounds "7"]
[EventCountry "CAN"]
[TimeControl "90+30"]

1. e3 e5 2. c3 d5 3. d4 e4 4. Nd2 Nf6 5. f3 Nbd7 6. c4 c6 7. Nh3 Nb6 8. b3 Bxh3
9. gxh3 Be7 10. Bg2 O-O 11. O-O Ne8 12. Bb2 f5 13. f4 c5 14. a3 cxd4 15. Bxd4
Bf6 16. c5 Bxd4 17. exd4 Nd7 18. Qe2 Qf6 19. Qe3 Nc7 20. b4 Nb5 21. Nb3 Nc7 22.
Rfe1 b6 23. Rec1 bxc5 24. bxc5 Rab8 25. c6 Nb6 26. Nd2 Rbc8 27. Qc3 Ne6 28. Qe3
Nxd4 29. Rc5 Nxc6 30. Rac1 Qd4 31. Nf1 Nc4 32. Qxd4 Nxd4 33. Rxc8 Rxc8 34. Re1
Nxa3 35. Ne3 Nac2 36. Nxc2 Rxc2 37. h4 a6 38. h3 Nb3 39. h5 Rc1 40. Kf1 Rxe1+
41. Kxe1 a5 42. Kd1 d4 43. Bf1 d3 44. h4 a4 0-1

[Event "Outaouais-ch Reserve"]
[Site "Gatineau CAN"]
[Date "2023.05.02"]
[Round "6"]
[White "Filion, Samuel"]
[Black "Masse-Garneau, Anthony"]
[Result "1/2-1/2"]
[WhiteElo "1492"]
[BlackElo "1536"]
[PlyCount "75"]
[EventDate "2023.03.28"]
[EventType "swiss"]
[EventRounds "7"]
[EventCountry "CAN"]
[TimeControl "90+30"]

1. e4 c5 2. Nf3 e6 3. c3 d5 4. exd5 exd5 5. d4 Bd6 6. Bb5+ Bd7 7. Bxd7+ Qxd7 8.
O-O Ne7 9. Re1 O-O 10. Be3 c4 11. Nbd2 Nbc6 12. Nf1 b5 13. Qd2 b4 14. Bf4 bxc3
15. bxc3 Bxf4 16. Qxf4 Ng6 17. Qd2 Rfe8 18. Ne3 f6 19. Nc2 Rxe1+ 20. Ncxe1 Rb8
21. g3 Qf5 22. Qe2 Kf7 23. Ng2 Rb1+ 24. Rxb1 Qxb1+ 25. Nge1 Nce7 26. Qc2 Qxc2
27. Nxc2 Ke6 28. Kg2 Nc8 29. Nd2 Nd6 30. Kf3 f5 31. Ne3 {Les deux cartes
disent Rf4 (coup illÃ gal). Je change l'ordre des coups de la partie pour
obtenir un P $146 correct} Ne7 32. Kf4 {
retour Ã  la partie (le coup #32 Ã tait Ce3)} Ng6+ 33. Kf3 h5 34. h4 f4 35. Ng2
fxg3 36. fxg3 Nb5 37. Nb1 a5 38. Nf4+ 1/2-1/2

[Event "Outaouais-ch Reserve"]
[Site "Gatineau CAN"]
[Date "2023.05.03"]
[Round "6"]
[White "Filion, Yves"]
[Black "Arvisais, Eric"]
[Result "1-0"]
[WhiteElo "1540"]
[BlackElo "1204"]
[PlyCount "129"]
[EventDate "2023.03.28"]
[EventType "swiss"]
[EventRounds "7"]
[EventCountry "CAN"]

1. e4 c6 2. d4 d5 3. exd5 cxd5 4. Nf3 Nc6 5. Bb5 Bd7 6. O-O a6 7. Ba4 b5 8. Bb3
Nf6 9. Nc3 e6 10. a3 Be7 11. Re1 O-O 12. Bf4 Qb6 13. Qd2 Rfe8 14. Qd3 Na5 15.
Ba2 Nc4 16. Bxc4 bxc4 17. Qd2 Bd6 18. Bxd6 Qxd6 19. Ne5 Rab8 20. Rab1 h6 21.
Re3 Rb6 22. Rg3 Nh5 23. Rh3 Nf6 24. f3 Reb8 25. Qc1 Qe7 26. Ne2 Ba4 27. g4 Bb5
28. c3 Nh7 29. f4 f6 30. Ng6 Qd6 31. Qc2 Qd7 32. Ng3 Ba4 33. Qe2 Re8 34. Re1
Qb7 35. Rb1 Qc7 36. Nh5 Kf7 37. Nh4 g6 38. Ng3 Qxf4 39. Rf1 Qd6 40. Qd2 Ng5 41.
Kg2 Kg7 42. Qf2 e5 43. Nhf5+ gxf5 44. Nxf5+ Kg6 45. Nxd6 Rxd6 46. Re3 Ne4 47.
Qe2 Bd7 48. h3 Rb6 49. Rxe4 dxe4 50. Qxe4+ Kg7 51. d5 Rxb2+ 52. Kg1 Rd2 53. Rf2
Rd1+ 54. Kh2 Rc8 55. Qf3 Ba4 56. Qxf6+ Kg8 57. Qe6+ Kg7 58. Qxc8 Rxd5 59. Qxa6
Be8 60. Qf6+ Kh7 61. Qe7+ Kg6 62. Qxe8+ Kg5 63. Qg8+ Kh4 64. Qxd5 h5 65. Qd8#
1-0

[Event "Outaouais-ch Reserve"]
[Site "Gatineau CAN"]
[Date "2023.05.03"]
[Round "6"]
[White "Labelle, Raymond"]
[Black "Roy, Dominique"]
[Result "1-0"]
[WhiteElo "1533"]
[BlackElo "1213"]
[PlyCount "61"]
[EventDate "2023.03.28"]
[EventType "swiss"]
[EventRounds "7"]
[EventCountry "CAN"]

1. e4 Nf6 2. Nc3 e5 3. Nf3 Nc6 4. Bc4 h6 5. d4 exd4 6. Nxd4 Ne5 7. Bb3 c6 8.
Bf4 d6 9. h3 Qe7 10. O-O Be6 11. Nxe6 fxe6 12. Qe2 O-O-O 13. Be3 Kb8 14. a4 h5
15. f4 Ned7 16. Qf2 c5 17. e5 dxe5 18. fxe5 Nd5 19. Nxd5 exd5 20. Bxd5 Qxe5 21.
Bf4 Re8 22. Bxe5+ Rxe5 23. c4 Nb6 24. Rfe1 Rxe1+ 25. Rxe1 Nxd5 26. Re8+ Kc7 27.
Rxf8 Rh6 28. cxd5 a5 29. Qf7+ Kb6 30. Qxg7 Rd6 31. Rf6 1-0

[Event "Outaouais-ch Reserve"]
[Site "Gatineau CAN"]
[Date "2023.05.02"]
[Round "6"]
[White "Lavoie, Aren"]
[Black "Lecorre, Joel"]
[Result "1-0"]
[WhiteElo "1389"]
[BlackElo "1589"]
[PlyCount "35"]
[EventDate "2023.03.28"]
[EventType "swiss"]
[EventRounds "7"]
[EventCountry "CAN"]

1. e4 e6 2. Nf3 d5 3. exd5 exd5 4. d4 Bd6 5. Bd3 Bg4 6. h3 Bh5 7. O-O Ne7 8. c4
c6 9. Re1 O-O 10. Bg5 Bg6 11. c5 Bxd3 12. cxd6 Qb6 13. dxe7 Re8 14. Qxd3 Qxb2
15. Nc3 Qb6 16. Ne5 f6 17. Bxf6 gxf6 18. Qg3+ 1-0

[Event "Outaouais-ch Reserve"]
[Site "Gatineau CAN"]
[Date "2023.05.02"]
[Round "6"]
[White "Mailhiot, Michel"]
[Black "Moraga, Hernan"]
[Result "0-1"]
[WhiteElo "948"]
[BlackElo "1388"]
[PlyCount "76"]
[EventDate "2023.03.28"]
[EventType "swiss"]
[EventRounds "7"]
[EventCountry "CAN"]
[TimeControl "90+30"]

1. d4 Nf6 2. Nc3 d6 3. e4 Nc6 4. Nf3 Bg4 5. Be2 g6 6. h3 Bxf3 7. Bxf3 Bg7 8.
Ne2 O-O 9. Nf4 e5 10. dxe5 Nxe5 11. Be2 Re8 12. O-O Nxe4 13. Be3 Qe7 14. b4 Nc6
15. Nd5 Qd7 16. c3 Re5 17. c4 Ne7 18. Nf4 a6 19. c5 Rd8 20. Qb3 c6 21. Bc4 d5
22. Rad1 Nf5 23. a4 Neg3 24. fxg3 Nxe3 25. Rxd5 cxd5 26. Re1 dxc4 27. Qc3 Qd2
28. Qa1 g5 29. Re2 Qd1+ 30. Re1 Qxe1+ 31. Qxe1 Rd1 32. Kf2 Ng4+ 33. hxg4 Rexe1
34. Ne2 Rf1+ 35. Ke3 Rd3+ 36. Ke4 Re1 37. Kf5 Rxe2 38. Kxg5 Rb2 0-1

[Event "Outaouais-ch Reserve"]
[Site "Gatineau CAN"]
[Date "2023.05.02"]
[Round "6"]
[White "Nasr, Marwan"]
[Black "Scantland, Patrick"]
[Result "1-0"]
[WhiteElo "1443"]
[BlackElo "1672"]
[PlyCount "71"]
[EventDate "2023.03.28"]
[EventType "swiss"]
[EventRounds "7"]
[EventCountry "CAN"]
[TimeControl "90+30"]

1. b3 e5 2. Bb2 d6 3. e3 Nf6 4. d4 exd4 5. Bxd4 c5 6. Bb2 d5 7. Nf3 Nc6 8. Be2
Be7 9. O-O O-O 10. Nbd2 h6 11. Re1 Bf5 12. Rc1 Qc7 13. Nf1 Ne4 14. Qxd5 Bg6 15.
Qd1 Rad8 16. Bd3 a6 17. Qe2 Nb4 18. a3 Na2 19. Ra1 Nac3 20. Bxc3 Nxc3 21. Qd2
Bf6 22. Qc1 Bxd3 23. cxd3 Ne2+ 24. Rxe2 Bxa1 25. Qxa1 Rxd3 26. Qb1 Rfd8 27. Rd2
Rxd2 28. N1xd2 b5 29. Qc2 Qd6 30. Kf1 g5 31. Ke2 g4 32. Nh4 Qe5 33. Nf5 h5 34.
Ng3 h4 35. Nf5 Qxh2 36. Qc3 1-0

[Event "Outaouais-ch Reserve"]
[Site "Gatineau CAN"]
[Date "2023.05.02"]
[Round "6"]
[White "Pestieau, Gabriel"]
[Black "Marghetis, Aris"]
[Result "1/2-1/2"]
[WhiteElo "1582"]
[BlackElo "1812"]
[PlyCount "138"]
[EventDate "2023.03.28"]
[EventType "swiss"]
[EventRounds "7"]
[EventCountry "CAN"]
[TimeControl "90+30"]

1. d4 Nf6 2. c4 g6 3. Nc3 Bg7 4. e4 d6 5. Be2 Nc6 6. Bg5 e5 7. d5 Nd4 8. f3 h6
9. Be3 Nd7 10. Nb5 Nxb5 11. cxb5 b6 12. Nh3 f5 13. Nf2 a6 14. exf5 gxf5 15.
bxa6 f4 16. Bd2 Bxa6 17. Bxa6 Rxa6 18. Bc3 Nf6 19. Qd3 Qa8 20. Qb5+ Ke7 21. Rd1
Rxa2 22. O-O Qa4 23. Qd3 Kf7 24. Rfe1 Re8 25. Ne4 Qa6 26. Qc2 Qc8 27. Qb3 Qa8
28. Qc4 Re7 29. Qd3 Qa6 30. Qb1 Qa8 31. Nxf6 Bxf6 32. Re4 Ra4 33. Qd3 Rxe4 34.
fxe4 Qg8 35. Qh3 Qg5 36. Be1 h5 37. Rd2 Qg4 38. Qf3 Qxf3 39. gxf3 Ke8 40. Rg2
Rg7 41. Rxg7 Bxg7 42. Bh4 Kd7 43. Kf2 c5 44. dxc6+ Kxc6 45. Ke2 d5 46. exd5+
Kxd5 47. Kd3 Bf8 48. b3 Bc5 49. Be1 Ba3 50. b4 b5 51. Bd2 Bb2 52. Be1 Bd4 53.
Bh4 e4+ 54. fxe4+ Ke5 55. Bf6+ Kxf6 56. Kxd4 Kg5 57. Kd3 Kg4 58. Ke2 f3+ 59.
Ke3 h4 60. e5 Kf5 61. Kxf3 Kxe5 62. Kg4 Kd4 63. Kxh4 Kc4 64. Kg4 Kxb4 65. h4
Ka3 66. h5 b4 67. h6 b3 68. h7 b2 69. h8=Q b1=Q 1/2-1/2

[Event "Outaouais-ch Reserve"]
[Site "Gatineau CAN"]
[Date "2023.05.02"]
[Round "6"]
[White "Piche, Danielle"]
[Black "Chenard, Paul"]
[Result "0-1"]
[WhiteElo "961"]
[BlackElo "918"]
[PlyCount "62"]
[EventDate "2023.03.28"]
[EventType "swiss"]
[EventRounds "7"]
[EventCountry "CAN"]
[TimeControl "90+30"]

1. d4 d5 2. Bf4 Nc6 3. Nf3 Bf5 4. e3 Nf6 5. Nbd2 a6 6. c4 Nb4 7. a3 Nc2+ 8. Ke2
Nxa1 9. Qxa1 dxc4 10. Nxc4 Nd7 11. Ke1 c5 12. Qd1 b5 13. Nce5 Qa5+ 14. Nd2 Nxe5
15. Bxe5 f6 16. Bg3 e5 17. dxc5 Rd8 18. b4 Qxa3 19. e4 Bxe4 20. Nxe4 Qxb4+ 21.
Nd2 Rxd2 22. Qxd2 Qe4+ 23. Be2 Qb1+ 24. Bd1 Bxc5 25. Qd5 Qb4+ 26. Ke2 Qb2+ 27.
Kf1 Bd4 28. Qa8+ Kf7 29. Qxh8 Qd2 30. Be2 Qc1+ 31. Bd1 Qxd1# 0-1

[Event "Outaouais-ch Reserve"]
[Site "Gatineau CAN"]
[Date "2023.05.02"]
[Round "6"]
[White "Rioux, Jocelyn"]
[Black "De Carufel-Lebeau, Lucas"]
[Result "1-0"]
[WhiteElo "1612"]
[BlackElo "1232"]
[PlyCount "41"]
[EventDate "2023.03.28"]
[EventType "swiss"]
[EventRounds "7"]
[EventCountry "CAN"]
[TimeControl "90+30"]

1. d4 Nf6 2. Bf4 e6 3. e3 b6 4. Nf3 Bb7 5. Bd3 Nd5 6. Bg3 Nb4 7. Be2 Be4 8. Na3
N8c6 9. O-O d6 10. c3 Nd5 11. Bb5 Nf6 12. Nd2 Qd7 13. Nxe4 Nxe4 14. Qa4 Nb8 15.
Bxd7+ Nxd7 16. Qc6 Nxg3 17. Qxa8+ Ke7 18. fxg3 g6 19. Qxa7 Bh6 20. Rae1 Bg7 21.
Qxc7 1-0

[Event "Outaouais-ch Reserve"]
[Site "Gatineau CAN"]
[Date "2023.05.09"]
[Round "7"]
[White "Arvisais, Eric"]
[Black "Cotillard, Tristan"]
[Result "0-1"]
[WhiteElo "1204"]
[BlackElo "1632"]
[PlyCount "124"]
[EventDate "2023.03.28"]
[EventType "swiss"]
[EventRounds "7"]
[EventCountry "CAN"]
[TimeControl "90+30"]

1. d4 d5 2. c4 c6 3. Nc3 Bf5 4. Qb3 Qc7 5. Nf3 e6 6. Bg5 Nd7 7. e3 Ngf6 8. Bf4
Qb6 9. c5 Qxb3 10. axb3 Be7 11. Be2 O-O 12. O-O Nh5 13. Bg3 Nxg3 14. fxg3 Bg6
15. Nd2 Bg5 16. Nd1 e5 17. h4 Be7 18. h5 Bc2 19. Rc1 Bxd1 20. Rcxd1 Bg5 21. Kf2
Rae8 22. Nf3 Bh6 23. b4 exd4 24. exd4 Be3+ 25. Ke1 Nf6 26. Ne5 Nxh5 27. Bxh5
Bxd4 28. Rxd4 Rxe5+ 29. Be2 Rfe8 30. Rf2 Re3 31. g4 Rb3 32. Kf1 Rxb2 33. Bd3
Rb3 34. Re2 Re6 35. Rxe6 fxe6 36. Be2 a6 37. g5 e5 38. Rg4 e4 39. g6 hxg6 40.
Rxg6 Rxb4 41. Re6 Kf7 42. Re5 a5 43. Bh5+ Kf6 44. Re8 a4 45. Ra8 e3 46. Ke2 d4
47. Kd3 Ke5 48. Re8+ Kd5 49. Bf3+ Kxc5 50. Re5+ Kb6 51. Rh5 c5 52. Rh1 Ka5 53.
Bd1 a3 54. Bc2 Rb2 55. Rc1 b5 56. g4 g5 57. Ra1 b4 58. Bd1 Kb6 59. Be2 Rd2+ 60.
Ke4 Rxe2 61. Kf5 d3 62. Rc1 d2 0-1

[Event "Outaouais-ch Reserve"]
[Site "Gatineau CAN"]
[Date "2023.05.09"]
[Round "7"]
[White "Brault, Jean-Francois"]
[Black "Labelle, Raymond"]
[Result "1/2-1/2"]
[WhiteElo "1558"]
[BlackElo "1533"]
[PlyCount "85"]
[EventDate "2023.03.28"]
[EventType "swiss"]
[EventRounds "7"]
[EventCountry "CAN"]
[TimeControl "90+30"]

1. Nf3 e6 2. c4 Nf6 3. e3 c5 4. Nc3 Nc6 5. d4 cxd4 6. Nxd4 Nxd4 7. exd4 h6 8.
Be2 Be7 9. Bf4 d6 10. Bf3 O-O 11. O-O Rb8 12. Re1 Re8 13. Nb5 a6 14. Nc3 Bd7
15. b3 Qc8 16. Rc1 Bc6 17. d5 Bd7 18. dxe6 Bxe6 19. Nd5 Bxd5 20. Bxd5 Nxd5 21.
Qxd5 Qc6 22. Rcd1 Qxd5 23. Rxd5 Bg5 24. Rxe8+ Rxe8 25. g3 Bxf4 26. gxf4 Re6 27.
Kg2 Kf8 28. Kf3 Ke7 29. Rd3 Kd7 30. a4 Kc6 31. Rd5 Re1 32. Rd3 a5 33. Re3 Rxe3+
34. Kxe3 Kc5 35. Kd3 Kb4 36. Kc2 f5 37. h4 b6 38. Kb2 g6 39. Kc2 h5 40. f3 Kc5
41. Kc3 d5 42. cxd5 Kxd5 43. Kd3 1/2-1/2

[Event "Outaouais-ch Reserve"]
[Site "Gatineau CAN"]
[Date "2023.05.09"]
[Round "7"]
[White "De Carufel-Lebeau, Lucas"]
[Black "Arcand, Pierre"]
[Result "1-0"]
[WhiteElo "1232"]
[BlackElo "1170"]
[PlyCount "115"]
[EventDate "2023.03.28"]
[EventType "swiss"]
[EventRounds "7"]
[EventCountry "CAN"]
[TimeControl "90+30"]

1. Nf3 d5 2. g3 Nf6 3. Bg2 Nc6 4. O-O e5 5. d3 Be7 6. c4 dxc4 7. dxc4 Qxd1 8.
Rxd1 O-O 9. Nc3 Bd6 10. e4 h6 11. a3 Bg4 12. Rd3 Bxf3 13. Bxf3 Nd4 14. Bd1 Rad8
15. Be3 Bc5 16. b4 Nf3+ 17. Bxf3 Rxd3 18. Bxc5 Rxf3 19. Bxf8 Rxc3 20. Be7 Rxc4
21. f3 Rd4 22. Bxf6 gxf6 23. Kg2 Rd2+ 24. Kh3 Rf2 25. Rc1 c6 26. Rc3 Rd2 27. f4
Rd4 28. Re3 Rd6 29. f5 b6 30. Kh4 a5 31. bxa5 bxa5 32. Kh5 Kh7 33. h4 c5 34.
Rc3 Rc6 35. a4 c4 36. g4 Rc5 37. g5 hxg5 38. hxg5 fxg5 39. Kxg5 Kg7 40. f6+ Kf8
41. Rh3 Kg8 42. Rc3 Rc7 43. Kf5 Kf8 44. Kxe5 Rc6 45. Kf5 Rc5+ 46. e5 Ke8 47.
Ke4 Kd7 48. Kd4 Rc6 49. Rxc4 Ra6 50. Kd5 Re6 51. Rc5 Ra6 52. Rb5 Ra7 53. Rb6
Kc7 54. Rc6+ Kd7 55. Rd6+ Ke8 56. e6 fxe6+ 57. Kxe6 Rf7 58. Ra6 1-0

[Event "Outaouais-ch Reserve"]
[Site "Gatineau CAN"]
[Date "2023.05.09"]
[Round "7"]
[White "Elsayed, Ahmed"]
[Black "Filion, Yves"]
[Result "1-0"]
[WhiteElo "2029"]
[BlackElo "1540"]
[PlyCount "57"]
[EventDate "2023.03.28"]
[EventType "swiss"]
[EventRounds "7"]
[EventCountry "CAN"]
[TimeControl "90+30"]

1. e4 e5 2. Nf3 Nc6 3. c3 Bc5 4. d4 exd4 5. cxd4 Bb4+ 6. Nc3 d6 7. Bc4 Bg4 8.
Bxf7+ Kf8 9. Bxg8 Kxg8 10. Qb3+ Kf8 11. d5 Bxc3+ 12. Qxc3 Ne7 13. Nd4 Ng6 14.
O-O Kf7 15. f4 Bd7 16. e5 Kg8 17. e6 Be8 18. f5 Ne5 19. Qg3 g6 20. Bg5 Qc8 21.
f6 h6 22. f7+ Nxf7 23. exf7+ Bxf7 24. Bf6 Rh7 25. Rae1 Qf8 26. Nf5 Qb8 27. Ne7+
Kf8 28. Nxg6+ Bxg6 29. Qxg6 1-0

[Event "Outaouais-ch Reserve"]
[Site "Gatineau CAN"]
[Date "2023.05.09"]
[Round "7"]
[White "Gagne, Learry"]
[Black "Simard, Paul"]
[Result "1-0"]
[WhiteElo "1182"]
[BlackElo "1279"]
[PlyCount "143"]
[EventDate "2023.03.28"]
[EventType "swiss"]
[EventRounds "7"]
[EventCountry "CAN"]
[TimeControl "90+30"]

1. d4 d5 2. c4 c6 3. Nf3 Bf5 4. e3 Nf6 5. Nc3 e6 6. Bd3 Bxd3 7. Qxd3 Be7 8. O-O
O-O 9. e4 dxe4 10. Nxe4 Nbd7 11. a3 h6 12. Qe2 a5 13. c5 b6 14. cxb6 Qxb6 15.
Ned2 Qc7 16. Nc4 c5 17. Rd1 cxd4 18. Nxd4 Bc5 19. g3 Rfe8 20. Nb3 Nd5 21. Nxc5
Nxc5 22. Qg4 Nf6 23. Qe2 Nce4 24. Bf4 e5 25. Be3 a4 26. Nb6 Ra5 27. f3 Nc5 28.
Nc4 Ra6 29. Rac1 Nb3 30. Rc3 Nd4 31. Qf2 Nf5 32. g4 Nxe3 33. Nxe3 Qb7 34. Nc4
Qb8 35. Rc2 Rae6 36. Nd2 Rd6 37. Re1 Rb6 38. Nc4 Rb3 39. Re3 Rb7 40. Qg3 e4 41.
Qxb8 Rbxb8 42. Nd6 Re6 43. Nxe4 Kf8 44. Kf2 Nd5 45. Nc5 Rxe3 46. Nd7+ Ke7 47.
Nxb8 Rb3 48. Nc6+ Kd6 49. Nd4 Rd3 50. Nf5+ Ke5 51. Re2+ Kf6 52. Re4 Rd2+ 53.
Kg3 Rxb2 54. Rxa4 Kg5 55. h4+ Kg6 56. Ra6+ Kh7 57. h5 Nf6 58. Ra7 Ra2 59. Rxf7
Rxa3 60. Rxg7+ Kh8 61. Rf7 Ne4+ 62. Kf4 Ng5 63. Rd7 Rxf3+ 64. Ke5 Kg8 65. Nxh6+
Kh8 66. Nf5 Nh7 67. Rd8+ Nf8 68. Rxf8+ Kh7 69. g5 Rxf5+ 70. Kxf5 Kg7 71. Rb8
Kf7 72. h6 1-0

[Event "Outaouais-ch Reserve"]
[Site "Gatineau CAN"]
[Date "2023.05.09"]
[Round "7"]
[White "Jacques, Olivier"]
[Black "Blais, Robert"]
[Result "1/2-1/2"]
[WhiteElo "1286"]
[BlackElo "1507"]
[PlyCount "93"]
[EventDate "2023.03.28"]
[EventType "swiss"]
[EventRounds "7"]
[EventCountry "CAN"]
[TimeControl "90+30"]

1. e4 e5 2. Nf3 d6 3. d4 exd4 4. Nxd4 Nf6 5. Nc3 Be7 6. Bf4 Bd7 7. Qd2 a6 8.
O-O-O Nc6 9. f3 b5 10. g4 Nxd4 11. Qxd4 Bc6 12. h4 h6 13. Bg2 Qd7 14. g5 Nh5
15. Bh3 Qd8 16. Bd2 hxg5 17. hxg5 Bxg5 18. Bg4 Bf6 19. Qe3 g6 20. Nd5 Bxd5 21.
exd5+ Kf8 22. Bxh5 gxh5 23. Rdg1 Qe7 24. Qf4 Qe5 25. Re1 Qxb2+ 26. Kd1 Qa1+ 27.
Ke2 Qe5+ 28. Qxe5 dxe5 29. Kd3 Rd8 30. Ke4 Bg7 31. Bb4+ Ke8 32. Bc3 f6 33. Rhg1
Kf7 34. Ref1 Bh6 35. Rh1 Bg5 36. Ba5 Rd7 37. Rd1 h4 38. Bd2 Bxd2 39. Rxd2 Rhd8
40. Rxh4 c6 41. Rh7+ Ke8 42. Rxd7 Rxd7 43. d6 Rg7 44. Kf5 Kd7 45. Kxf6 Rh7 46.
Kxe5 Rh5+ 47. Kf6 1/2-1/2

[Event "Outaouais-ch Reserve"]
[Site "Gatineau CAN"]
[Date "2023.05.09"]
[Round "7"]
[White "Laflamme, Mathieu"]
[Black "Marenger, Vincent"]
[Result "1/2-1/2"]
[WhiteElo "1340"]
[BlackElo "1497"]
[PlyCount "52"]
[EventDate "2023.03.28"]
[EventType "swiss"]
[EventRounds "7"]
[EventCountry "CAN"]
[TimeControl "90+30"]

1. d4 d5 2. c4 e5 3. dxe5 d4 4. Nf3 Nc6 5. a3 g6 6. Bg5 Be7 7. Bxe7 Qxe7 8.
Nxd4 Nxe5 9. e3 Nf6 10. Be2 c5 11. Nf3 O-O 12. O-O Rd8 13. Qb3 Bg4 14. Nc3
Nxf3+ 15. Bxf3 Bxf3 16. gxf3 b6 17. Rad1 h5 18. Nd5 Nxd5 19. Rxd5 Kg7 20. Rfd1
Rxd5 21. cxd5 Rd8 22. Qc3+ Kh7 23. f4 Qe4 24. d6 Qf3 25. Qe1 Qg4+ 26. Kh1 Qf3+
1/2-1/2

[Event "Outaouais-ch Reserve"]
[Site "Gatineau CAN"]
[Date "2023.05.09"]
[Round "7"]
[White "Masse-Garneau, Anthony"]
[Black "Marghetis, Aris"]
[Result "0-1"]
[WhiteElo "1536"]
[BlackElo "1812"]
[PlyCount "115"]
[EventDate "2023.03.28"]
[EventType "swiss"]
[EventRounds "7"]
[EventCountry "CAN"]
[TimeControl "90+30"]

1. e4 g6 2. d4 Bg7 3. c4 d6 4. Nf3 Nf6 5. Nc3 O-O 6. Be2 e5 7. d5 Nbd7 8. Bg5
a5 9. a3 Nc5 10. b4 axb4 11. axb4 Rxa1 12. Qxa1 Na6 13. b5 Nc5 14. O-O h6 15.
Bxf6 Qxf6 16. Qb2 b6 17. Ra1 Bg4 18. Qc2 Qe7 19. h3 Bd7 20. Ra7 Rc8 21. Na4 f5
22. Nxc5 dxc5 23. Bd3 f4 24. Nh2 Bf8 25. Be2 h5 26. Qd1 Qh7 27. Nf3 Bd6 28. h4
Qe7 29. Ng5 Kg7 30. Ra2 Rh8 31. Qa1 Qd8 32. g3 Qf6 33. Ra3 Rf8 34. Kg2 Qe7 35.
Ra8 Qf6 36. Rxf8 Bxf8 37. Qd1 Be7 38. g4 Qd6 39. gxh5 Bxg5 40. hxg5 Qe7 41. Qh1
Qxg5+ 42. Kf1 Qh6 43. Qg2 g5 44. Bg4 Be8 45. Qh3 Qf6 46. f3 Kh6 47. Bd7 Bf7 48.
Kg2 Bg8 49. Be8 Bh7 50. Qe6 Kg7 51. Qd7+ Kh6 52. Qxc7 g4 53. Qc6 gxf3+ 54. Kxf3
Kg5 55. Qd7 Bxe4+ 56. Kxe4 f3 57. Ke3 f2 58. Qh3 0-1

[Event "Outaouais-ch Reserve"]
[Site "Gatineau CAN"]
[Date "2023.05.09"]
[Round "7"]
[White "Medeiros, Joshua"]
[Black "Filion, Samuel"]
[Result "0-1"]
[WhiteElo "1399"]
[BlackElo "1492"]
[PlyCount "148"]
[EventDate "2023.03.28"]
[EventType "swiss"]
[EventRounds "7"]
[EventCountry "CAN"]

1. e4 d5 2. exd5 Qxd5 3. Nc3 Qa5 4. g3 Nf6 5. Bg2 c6 6. Nge2 Bf5 7. O-O e6 8.
d3 Bd6 9. a3 O-O 10. Rb1 Qc7 11. b4 a6 12. a4 Re8 13. b5 e5 14. Bg5 Nbd7 15.
bxc6 bxc6 16. a5 Rab8 17. Rxb8 Rxb8 18. Qa1 h6 19. Bd2 Bb4 20. Nb1 Bxd2 21.
Nxd2 Be6 22. Nc3 Nd5 23. Rb1 Rxb1+ 24. Ndxb1 Nc5 25. Nd2 Nb7 26. Nc4 f6 27.
Nxd5 Bxd5 28. Nb6 Bxg2 29. Kxg2 Qd6 30. Qc3 Qc5 31. Qxc5 Nxc5 32. Kf3 Kf7 33.
Ke3 Ke6 34. d4 Nb7 35. dxe5 Kxe5 36. f4+ Ke6 37. Kd4 c5+ 38. Kc4 Kd6 39. Kb3
Nxa5+ 40. Ka4 Nc6 41. c4 Nb4 42. Ka5 Ke6 43. Na4 Kd6 44. Kb6 Nd3 45. Kxa6 Kc6
46. Ka5 Nf2 47. Nb6 Ng4 48. Nc8 Nxh2 49. Ne7+ Kd7 50. Nf5 Nf1 51. Kb5 g6 52.
Nxh6 Nxg3 53. Kxc5 Nh5 54. Ng8 f5 55. Kb6 Nxf4 56. c5 Nd5+ 57. Kb7 Ke6 58. Nh6
g5 59. c6 g4 60. c7 Nxc7 61. Kc6 Nd5 62. Nf7 Kxf7 63. Kxd5 g3 64. Ke5 g2 65.
Kxf5 g1=Q 66. Ke5 Qf1 67. Kd5 Qe1 68. Kd4 Qe6 69. Kc3 Qd5 70. Kb2 Qc4 71. Ka1
Qe2 72. Kb1 Ke6 73. Ka1 Kd5 74. Kb1 Kc4 0-1

[Event "Outaouais-ch Reserve"]
[Site "Gatineau CAN"]
[Date "2023.05.09"]
[Round "7"]
[White "Nasr, Marwan"]
[Black "Chacon, Jose"]
[Result "1-0"]
[WhiteElo "1443"]
[BlackElo "1585"]
[PlyCount "161"]
[EventDate "2023.03.28"]
[EventType "swiss"]
[EventRounds "7"]
[EventCountry "CAN"]
[TimeControl "90+30"]

1. b3 e5 2. Bb2 d6 3. e3 Nf6 4. Nf3 Be7 5. d4 e4 6. Nfd2 O-O 7. c4 c6 8. d5 Na6
9. dxc6 bxc6 10. Nc3 d5 11. Be2 Nc5 12. O-O Bf5 13. cxd5 cxd5 14. Nb5 Bg6 15.
Rc1 a6 16. Nd4 Qb6 17. b4 Ne6 18. a3 Rfc8 19. Qa4 Bh5 20. Rxc8+ Rxc8 21. Qxa6
Qxa6 22. Bxa6 Ra8 23. Nxe6 fxe6 24. b5 Nd7 25. Bb7 Rb8 26. Bc6 Nc5 27. Be5 Rc8
28. Ra1 Na4 29. Bd7 Rc2 30. Bxe6+ Bf7 31. Bxf7+ Kxf7 32. Nb3 g6 33. Nd4 Rb2 34.
f3 Bc5 35. fxe4 dxe4 36. Rc1 Ra2 37. Nc2 Ke7 38. Bd4 Bb6 39. Kf1 Kd7 40. Bxb6
Nxb6 41. Rd1+ Kc7 42. Nd4 Rxa3 43. Kf2 Kb7 44. Ne6 Ra2+ 45. Kg3 Rb2 46. Nc5+
Kc7 47. Nxe4 Rxb5 48. Ra1 Nd7 49. Rc1+ Kd8 50. Rc8+ Ke7 51. Re8+ Kxe8 52. Nd6+
Ke7 53. Nxb5 Kf6 54. Kf4 Nc5 55. Nc3 g5+ 56. Kf3 Kg6 57. Ne4 Nd3 58. Ke2 Ne5
59. Nf2 h5 60. Nd3 Ng4 61. h3 Nf6 62. Kf3 Kf5 63. g4+ hxg4+ 64. hxg4+ Ke6 65.
Nf2 Nh7 66. Ke4 Nf6+ 67. Kd4 Nd7 68. Ne4 Ne5 69. Nxg5+ Kf6 70. Ne4+ Ke6 71. Nf2
Kf6 72. g5+ Kf5 73. e4+ Ke6 74. Ke3 Ng6 75. Nd3 Kf7 76. Kf3 Kg7 77. Kg4 Kh7 78.
Kf5 Kg7 79. Nf4 Ne7+ 80. Ke5 Ng8 81. g6 1-0